| 000 | 00408cam a2200181ua 4500 | ||
|---|---|---|---|
| 001 | 4495 | ||
| 008 | 181004n1992 II |||gr||||Z||||||asm | ||
| 040 | _aMAIN | ||
| 041 | _aEnglish | ||
| 041 | _aasm | ||
| 082 | _a320.3 GOG | ||
| 100 | _aGOGOI, PURANDAR. | ||
| 245 | _aTULANAMULAK SARKAR | ||
| 260 |
_aDIBRUGARH _bBANALATA _c1992 |
||
| 300 |
_a176: _c20CM. |
||
| 653 | _aCOMPARATIVE GOVERNMENT | ||
| 942 | _cBK | ||
| 999 |
_c4482 _d4482 |
||